| 000 | 00588nam a22001697a 4500 | ||
|---|---|---|---|
| 003 | NUST | ||
| 038 | _aNusrat Nadeem | ||
| 082 | _a200 | ||
| 100 |
_aAli, Muhammad Faisal _997082 |
||
| 245 |
_aComprehensive Opinion Mining of Tweets towards COVID-19 in Pakistan: An Analysis of Governmental Preventive Measures / _cMuhammad Faisal Ali |
||
| 264 |
_aIslamabad : _bSEECS, NUST, _c2022. |
||
| 300 | _a132 p . ; | ||
| 650 |
_aMS-Computer Science _926780 |
||
| 700 |
_aSupervisor: Dr. Rabia Irfan _996910 |
||
| 856 | _uhttp://10.250.8.41:8080/xmlui/handle/123456789/29740 | ||
| 942 |
_2ddc _cSC |
||
| 999 |
_c590937 _d590937 |
||